000 00538nam a2200169 4500
001 120360
003 ES-MaACL
005 20230906191531.0
007 t|
008 070214s1969 sp r ||||1| spa d
245 0 0 _aPoetas franceses en vascuence = Prantzi'ko olerkariak /
_cEtxebarria'tar Juan Anjel.
250 _aEd. bilingüe: francés y euskera.
260 _aBilbao :
_bEllacuría,
_c1969.
300 _a58 p. :
_bil. ;
_c17 cm.
700 1 _aEtxebarria, Jon Gotzon (
_d1934-1996)
_948305
852 _aES-MaACL
_jC-36661
_bR.69456
999 _c120360
_d120360